<A> Simple model of an international lender of last resort

Salvato in:
Dettagli Bibliografici
Autore principale: Goodhart, Charles A.E
Altri autori: Huang, Haizhou
Natura: Libro
Lingua:inglese
Pubblicazione: Washington International Monetary Fund 2000
Serie:IMF Working Paper WP/00/75
Soggetti:
Tags: Aggiungi Tag
Nessun Tag, puoi essere il primo ad aggiungerne!!

MARC

LEADER 00000nam a2200000 4500
001 c124241
005 20221221083604.5
041 0 |a eng 
044 |a US 
245 1 0 |a <A> Simple model of an international lender of last resort  |c Charles A.E. Goodhart and Haizhou Huang 
264 1 |a Washington  |b International Monetary Fund  |c 2000 
300 |a 13 s. 
490 1 |a IMF Working Paper  |v WP/00/75 
830 0 |a IMF Working Paper  |v WP/00/75 
610 2 0 |a veritelia 
610 2 0 |a kríza banková 
610 2 0 |a kríza menová 
610 2 0 |a banky centrálne 
100 1 |a Goodhart, Charles A.E. 
700 1 |a Huang, Haizhou